In memoriam (Registo nº 201142)

Detalhes MARC
000 -Etiqueta do registo
Valores 00707nam 22002053 4500
100 ## - Dados gerais de processamento
Dados gerais 20260310d u||y0pory50 ba
200 ## - Titulo e menção de responsabilidade
Título próprio In memoriam
Primeira menção de responsabilidade José Bento
Outras menções de responsabilidade com um desenho de Armando Alves
210 ## - Publicação
Local de publicação Porto
Nome do editor O Oiro do Dia
Data de publicação 1979
215 ## - Descrição física 
Paginação / Volumes 10, [2] p.
Outras indicações físicas il. ; encapado
Dimensões 30 cm
225 ## - Colecção 
Título próprio da colecção O Oiro do Dia
Número de parte ou secção 46
Outras menções de responsabilidade Dirigida por Vasco Graça Moura
317 ## - Nota de proveniência
Texto da nota . - Oferta com dedicatória do escritor ao Professor Dr. Almeida Faria
606 ## - Nome comum usado como assunto
ID Autoridade 6
Palavra de ordem Literatura Portuguesa
675 ## - CDU
Notação 821.134.3-3
Edição PT
Língua por
700 ## - Autor principal (pessoa individual)
ID Autoridade 4633
Apelido Bento
Nome José
Datas 1932-2019
702 ## - Autor secundário (pessoa individual)
ID Autoridade 861
Apelido Alves
Nome Armando
Datas 1935-
801 ## - Fonte de origem
País PT
Agência BMMN
Regras de catalogação RPC
830 ## - Notas gerais do catalogador
Criado por Ana Falardo
Indexado por Ana Falardo
990 ## - Elementos KOHA
Tipo de documento Livro
Exemplares
Situação do levantamento Biblioteca de origem Código de barras Cota Permissão de empréstimo Tipo de documento Nota relativa ao exemplar Forma de aquisição
  Biblioteca Municipal de Montemor-o-Novo 30428 821.134.3-3 BEN|SAF   Livro Acesso condicionado Oferta

Powered by Koha